[Event "SV Wattenscheid 3 - SF Buer 1"]
[Site "Verbandsklasse, Gruppe 1 2017"]
[Date "2018.02.25"]
[Round "7.7"]
[White "Altieri, Dennis"]
[Black "Doehmann, Joerg"]
[Result "1/2-1/2"]
[WhiteElo "1702"]
[BlackElo "1744"]
[PlyCount "95"]
[EventDate "2018.??.??"]

1. d4 d5 2. c4 e6 3. Nc3 Be7 4. Nf3 Nf6 5. e3 O-O 6. Bd3 Nbd7 7. O-O b6 8. cxd5
exd5 9. Bd2 Bb7 10. Rc1 Re8 11. Bb5 c6 12. Ba4 Rc8 13. a3 a5 14. Re1 Bd6 15.
Na2 Ne4 16. b4 b5 17. Bc2 f5 18. Bd3 a4 19. Rc2 Nb6 20. Bc1 Rc7 21. Nc3 Nc4 22.
Ne2 Bc8 23. Ng3 g6 24. Nf1 Qf6 25. g3 Be6 26. N1d2 Rf7 27. Nb1 h6 28. Nh4 Rh7
29. f4 Rf8 30. Qf3 Kf7 31. Kf1 Ke7 32. Ke2 Kd7 33. Kd1 g5 34. Ng2 g4 35. Qf1
Be7 36. Ree2 Qf7 37. Ne1 h5 38. Rg2 Rg8 39. Be2 Rh6 40. Nd3 Bf6 41. Qe1 Kc7 42.
Nc5 Bc8 43. Bd3 Qe7 44. Nc3 Kb6 45. N3xe4 fxe4 46. Bxc4 dxc4 47. Rcd2 Rd8 48.
Bb2 1/2-1/2

[Event "SV Wattenscheid 3 - SF Buer 1"]
[Site "Verbandsklasse, Gruppe 1 2017"]
[Date "2018.02.25"]
[Round "7.8"]
[White "Schlee, Ulrich"]
[Black "Herche, Niklas"]
[Result "1-0"]
[WhiteElo "1694"]
[BlackElo "1371"]
[PlyCount "43"]
[EventDate "2018.??.??"]

1. e4 c5 2. Nc3 Nc6 3. Bb5 g6 4. Bxc6 bxc6 5. f4 Bg7 6. Nf3 d6 7. O-O Bd4+ 8.
Nxd4 cxd4 9. Ne2 c5 10. d3 e6 11. Ng3 Ne7 12. f5 exf5 13. Bg5 O-O 14. exf5 f6
15. Bh6 Rf7 16. fxg6 hxg6 17. Qf3 Rb8 18. b3 Qd7 19. Ne4 Nf5 20. Qg4 Ne7 21.
Qxd7 Bxd7 22. Nxf6+ 1-0

[Event "SV Rochade Eving 1 - DJK Wacker Bergebo"]
[Site "Verbandsklasse, Gruppe 1 2017"]
[Date "2018.02.25"]
[Round "7.1"]
[White "Landscheidt, Heinz"]
[Black "Kleibaumhueter, Klaus"]
[Result "0-1"]
[WhiteElo "1848"]
[BlackElo "2086"]
[PlyCount "68"]
[EventDate "2018.??.??"]

1. e4 e6 2. d4 d5 3. Nc3 Nf6 4. Bg5 dxe4 5. Nxe4 Be7 6. Bxf6 gxf6 7. Nf3 f5 8.
Ng3 h5 9. h4 c5 10. Qd2 cxd4 11. Qxd4 Qxd4 12. Nxd4 a6 13. Be2 b5 14. Bf3 Ra7
15. Nc6 Nxc6 16. Bxc6+ Kf8 17. O-O-O Rc7 18. Bf3 Rc4 19. Nxh5 Rxh4 20. g3 Rxh1
21. Rxh1 Bc5 22. Rf1 e5 23. Kd2 Be6 24. b3 Ke7 25. c3 a5 26. Ng7 Bd7 27. Ke1
Bd6 28. Rh1 Rc8 29. Kd2 e4 30. Be2 Be5 31. Nh5 Bxc3+ 32. Ke3 Be5 33. Rd1 Rc2
34. Rd2 Rc3+ 0-1

[Event "SV Rochade Eving 1 - DJK Wacker Bergebo"]
[Site "Verbandsklasse, Gruppe 1 2017"]
[Date "2018.02.25"]
[Round "7.2"]
[White "Hornung, Ruediger"]
[Black "Dahlhaus, Friedhelm"]
[Result "0-1"]
[WhiteElo "1925"]
[BlackElo "1938"]
[PlyCount "36"]
[EventDate "2018.??.??"]

1. e4 e5 2. Nf3 Nc6 3. Bc4 Bc5 4. c3 Nf6 5. d4 exd4 6. cxd4 Bb4+ 7. Bd2 Bxd2+
8. Nbxd2 d5 9. exd5 Nxd5 10. Qb3 Nce7 11. O-O O-O 12. Rfe1 c6 13. Rac1 Qb6 14.
Qa3 Be6 15. Ng5 Qxd4 16. Nxe6 fxe6 17. Nf3 Qf4 18. Rcd1 Qxc4 0-1

[Event "SV Rochade Eving 1 - DJK Wacker Bergebo"]
[Site "Verbandsklasse, Gruppe 1 2017"]
[Date "2018.02.25"]
[Round "7.3"]
[White "Grodotzki, Thomas"]
[Black "Pahne, Dirk"]
[Result "0-1"]
[WhiteElo "1941"]
[BlackElo "1909"]
[PlyCount "116"]
[EventDate "2018.??.??"]

1. e4 c5 2. Nf3 g6 3. c3 d5 4. exd5 Qxd5 5. d4 Bg7 6. Be3 cxd4 7. cxd4 Nf6 8.
Nc3 Qa5 9. Bc4 e6 10. O-O O-O 11. a3 Nbd7 12. Qd2 Nb6 13. Ba2 Qh5 14. Ne2 Qb5
15. Rac1 Nbd5 16. Rc5 Qb6 17. Ng3 Nxe3 18. fxe3 Bd7 19. Ne5 Rad8 20. Nc4 Qa6
21. Ra5 Qc6 22. Rc5 Qa6 23. Ra5 Qc6 24. Rxa7 Bc8 25. Ne5 Qb6 26. Ra5 Nd5 27.
Nc4 Qc7 28. Rc5 Qe7 29. Ne2 b6 30. Rxd5 exd5 31. Nxb6 Bh6 32. Nf4 Bxf4 33. exf4
Be6 34. Na4 Bf5 35. Re1 Be4 36. Nc3 Qb7 37. Bb1 Bxb1 38. Rxb1 Rfe8 39. Kf2 Re6
40. Na4 Qe7 41. Nc5 Qh4+ 42. Kg1 Re7 43. Nd3 Re4 44. Nf2 Rxf4 45. g3 Rxd4 46.
Qc3 Qf6 47. Ng4 Qb6 48. Nh6+ Kf8 49. Kg2 Rd6 50. Rf1 f6 51. Ng4 Kg7 52. Kh3 h5
53. Nf2 Rc4 54. Qe1 Re6 55. Qd2 Qd4 56. Qa5 Re7 57. Qd8 Rcc7 58. b4 Rcd7 0-1

[Event "SV Rochade Eving 1 - DJK Wacker Bergebo"]
[Site "Verbandsklasse, Gruppe 1 2017"]
[Date "2018.02.25"]
[Round "7.4"]
[White "Jaehnicke, Karl-Heinz"]
[Black "Mombeck, Michael"]
[Result "1/2-1/2"]
[WhiteElo "1760"]
[BlackElo "1975"]
[PlyCount "94"]
[EventDate "2018.??.??"]

1. d4 Nf6 2. c4 g6 3. Nc3 Bg7 4. e4 d6 5. Nf3 O-O 6. Be2 c6 7. O-O Nbd7 8. Bg5
Qc7 9. Rc1 h6 10. Be3 a6 11. Nh4 e5 12. d5 Re8 13. b4 c5 14. a3 Qd8 15. g3 b6
16. Qa4 Nf8 17. Qd1 Bd7 18. Re1 Qc8 19. Ng2 Ng4 20. Bd2 h5 21. f3 Nh6 22. Nh4
Qd8 23. Be3 Nh7 24. Qd2 g5 25. Ng2 f5 26. exf5 Nxf5 27. Bd3 Nxe3 28. Qxe3 Rf8
29. Bxh7+ Kxh7 30. Ne4 g4 31. fxg4 Bxg4 32. Qd3 Kg8 33. Rf1 Qe7 34. Nh4 Rxf1+
35. Rxf1 Rf8 36. Rxf8+ Bxf8 37. Ng6 Qf7 38. Ng5 Qf5 39. Qxf5 Bxf5 40. bxc5 bxc5
41. Nxf8 Kxf8 42. Nf3 Kf7 43. Kf2 Kf6 44. Ke3 Bc2 45. Nd2 Kf5 46. h3 Kg5 47.
Nf3+ Kf5 1/2-1/2

[Event "SV Rochade Eving 1 - DJK Wacker Bergebo"]
[Site "Verbandsklasse, Gruppe 1 2017"]
[Date "2018.02.25"]
[Round "7.5"]
[White "Brandhorst, Dieter"]
[Black "Regber, Karl-Heinz"]
[Result "1/2-1/2"]
[WhiteElo "1898"]
[BlackElo "1613"]
[PlyCount "98"]
[EventDate "2018.??.??"]

1. e4 e6 2. d4 d5 3. e5 c5 4. c3 cxd4 5. cxd4 a6 6. Nf3 Nc6 7. Nc3 Nge7 8. Bd3
Nf5 9. Bxf5 exf5 10. Qb3 Be6 11. Qxb7 Na5 12. Bg5 Nxb7 13. Bxd8 Rxd8 14. O-O
Be7 15. a3 O-O 16. Rfc1 Rc8 17. b4 Rc7 18. Na4 Rfc8 19. Nc5 a5 20. Rcb1 Ra8 21.
Ne1 axb4 22. axb4 Rxa1 23. Rxa1 Nxc5 24. Ra8+ Bc8 25. dxc5 Bxc5 26. bxc5 Rxc5
27. Nd3 Rc3 28. Kf1 g6 29. Ke2 Kg7 30. Kd2 Rc4 31. Nb2 Rc7 32. Nd3 Be6 33. Rd8
g5 34. Rd6 Rc4 35. g3 Ra4 36. Nc5 Ra2+ 37. Ke3 Ra3+ 38. Ke2 Ra2+ 39. Kf3 Ra3+
40. Kg2 Bc8 41. e6 fxe6 42. Nxe6+ Bxe6 43. Rxe6 Rd3 44. Kf1 h5 45. Ke2 Rd4 46.
Rd6 f4 47. gxf4 gxf4 48. Kf3 Kh7 49. h4 Kg7 1/2-1/2

[Event "SV Rochade Eving 1 - DJK Wacker Bergebo"]
[Site "Verbandsklasse, Gruppe 1 2017"]
[Date "2018.02.25"]
[Round "7.6"]
[White "Fietz, Udo"]
[Black "Schaedlich, Andreas"]
[Result "0-1"]
[WhiteElo "1649"]
[BlackElo "1864"]
[PlyCount "88"]
[EventDate "2018.??.??"]

1. d4 d5 2. c4 c6 3. Nc3 e6 4. Nf3 Nf6 5. Bg5 Be7 6. e3 O-O 7. Rc1 Nbd7 8. Bd3
Re8 9. O-O Nf8 10. Re1 h6 11. Bh4 dxc4 12. Bxc4 Ng6 13. Bg3 Nh5 14. Ne5 Nxe5
15. Bxe5 g6 16. Bd3 Bd6 17. Bxd6 Qxd6 18. Ne4 Qe7 19. Qc2 e5 20. dxe5 Qxe5 21.
Qc3 Qe7 22. Qc5 Bf5 23. Qxe7 Rxe7 24. Nc5 Bxd3 25. Nxd3 Rd8 26. Nb4 Rd2 27. Kf1
Rxb2 28. Rb1 Rxb1 29. Rxb1 Rd7 30. Ke2 Nf6 31. Nd3 b6 32. Ne5 Rd6 33. f3 Nd5
34. Rb3 Re6 35. Nc4 Kf8 36. a3 Ke7 37. g3 b5 38. Nd2 a6 39. Ne4 Re5 40. Kd3 Nb6
41. f4 Rd5+ 42. Ke2 c5 43. Nc3 Rd8 44. a4 b4 0-1

[Event "SV Rochade Eving 1 - DJK Wacker Bergebo"]
[Site "Verbandsklasse, Gruppe 1 2017"]
[Date "2018.02.25"]
[Round "7.7"]
[White "Alinsug, Salvadore"]
[Black "Schulte, Thorsten"]
[Result "1/2-1/2"]
[WhiteElo "1774"]
[BlackElo "1587"]
[PlyCount "130"]
[EventDate "2018.??.??"]

1. e4 e6 2. f4 d5 3. e5 c5 4. Nf3 Nc6 5. c3 Qa5 6. Be2 Nge7 7. O-O Bd7 8. b3
Ng6 9. g3 Be7 10. d4 cxd4 11. cxd4 O-O 12. Bb2 f5 13. Nc3 a6 14. a3 Na7 15. b4
Qd8 16. Na4 Rc8 17. Nc5 Bxc5 18. bxc5 Qa5 19. Bd3 b6 20. cxb6 Qxb6 21. Qe2 Bb5
22. Rab1 Bxd3 23. Qxd3 Qa5 24. Rfc1 h6 25. Bc3 Qxa3 26. Ra1 Qe7 27. Rxa6 Rfe8
28. Rca1 Rc7 29. Ba5 Rc6 30. Bb6 Nc8 31. Bc5 Rxa6 32. Qxa6 Qd7 33. Rb1 Nge7 34.
Rb7 Qc6 35. Qxc6 Nxc6 36. Rc7 Na5 37. Nd2 Kh7 38. Bb4 Nc4 39. Nxc4 dxc4 40.
Rxc4 Nb6 41. Rc6 Nd5 42. Bc5 g5 43. fxg5 hxg5 44. Ra6 Kg6 45. Kf2 g4 46. Ba3
Nc7 47. Rc6 Nd5 48. Kg2 Ne3+ 49. Kg1 Nd5 50. Bc1 Kf7 51. Kg2 Re7 52. h4 gxh3+
53. Kxh3 Rc7 54. Rxc7+ Nxc7 55. Kh4 Kg6 56. g4 fxg4 57. Kxg4 Nd5 58. Bd2 Nb6
59. Kf4 Nd5+ 60. Ke4 Kf7 61. Kd3 Ke7 62. Kc4 Kd7 63. Kc5 Kc7 64. Bh6 Nc3 65.
Bf8 Nd5 1/2-1/2

[Event "SV Rochade Eving 1 - DJK Wacker Bergebo"]
[Site "Verbandsklasse, Gruppe 1 2017"]
[Date "2018.02.25"]
[Round "7.8"]
[White "Nathe, Nico"]
[Black "Grimke, Michael"]
[Result "0-1"]
[WhiteElo "1221"]
[BlackElo "1705"]
[PlyCount "74"]
[EventDate "2018.??.??"]

1. d4 d6 2. c4 g6 3. Nc3 Bg7 4. e4 Nf6 5. Be2 O-O 6. Nf3 Nbd7 7. Bg5 e5 8. d5
h6 9. Bd2 Nc5 10. b4 Ncxe4 11. Nxe4 Nxe4 12. Be3 Nc3 13. Qd2 Nxe2 14. Qxe2 Bg4
15. h3 Bxf3 16. Qxf3 e4 17. Qd1 Bxa1 18. Qxa1 Qh4 19. O-O f5 20. Qd4 Kh7 21. c5
Qe7 22. g3 b6 23. Rc1 Rac8 24. Qd2 g5 25. a4 dxc5 26. bxc5 Qd7 27. c6 Qd6 28.
Qc2 Rce8 29. Rd1 Re5 30. Qd2 Rd8 31. Qe2 Rxd5 32. Rxd5 Qxd5 33. Kg2 Qxc6 34.
Qh5 Qg6 35. Qe2 f4 36. gxf4 gxf4+ 37. Kh2 f3 0-1

[Event "SV Hamm 2 - SV Waltrop 1"]
[Site "Verbandsklasse, Gruppe 1 2017"]
[Date "2018.02.25"]
[Round "7.1"]
[White "Gasper, Joern"]
[Black "Mustafic, Mustafa"]
[Result "1-0"]
[WhiteElo "2017"]
[BlackElo "1738"]
[Annotator "Daniel"]
[PlyCount "99"]
[EventDate "2018.??.??"]

1. e4 e5 2. Bc4 Bc5 3. Nf3 Nc6 4. c3 Nf6 5. d3 O-O 6. O-O h6 7. Re1 Re8 8. Nbd2
a6 9. Bb3 d6 10. Nf1 Be6 11. h3 d5 12. exd5 Bxd5 13. Ne3 Bxb3 14. axb3 e4 15.
d4 exf3 16. dxc5 fxg2 17. Qf3 Re5 18. b4 Qc8 $11 19. Bd2 Rb8 20. Nc4 Rf5 21.
Qxg2 Rh5 22. Re3 Rh4 23. b3 Qf5 24. Rf3 Qd5 25. Qg3 Nh5 26. Qxh4 Qxf3 27. Qg4
Qxg4+ 28. hxg4 Nf6 29. f3 Kf8 30. Kf2 Rd8 31. Ke2 Rd5 32. Rh1 Ne7 33. Bf4 Ng6
34. Bxc7 Ne8 35. Bg3 f5 36. gxf5 Rxf5 37. Nd6 Nxd6 38. Bxd6+ Kf7 39. Rf1 h5 40.
c4 Ke6 41. Rg1 Kf6 42. Ke3 Nh4 43. f4 Ng6 44. b5 h4 45. c6 bxc6 46. b6 Nf8 47.
Bxf8 Ke6 48. Rg6+ Kd7 49. Rxg7+ Ke6 50. Re7+ 1-0

[Event "SV Hamm 2 - SV Waltrop 1"]
[Site "Verbandsklasse, Gruppe 1 2017"]
[Date "2018.02.25"]
[Round "7.2"]
[White "Fluegel, Thomas"]
[Black "Eckert, Marius"]
[Result "0-1"]
[WhiteElo "1785"]
[BlackElo "1980"]
[Annotator "Daniel"]
[PlyCount "72"]
[EventDate "2018.??.??"]

1. d4 d5 2. c4 c6 3. cxd5 cxd5 4. Nf3 Nf6 5. Nc3 Nc6 6. Bf4 a6 7. e3 Bg4 8. h3
Bxf3 9. Qxf3 Qb6 10. Rb1 e6 11. Bd3 Nb4 12. Qe2 Bd6 13. Bxd6 Qxd6 14. O-O O-O
15. a3 Nxd3 16. Qxd3 Nd7 17. e4 dxe4 18. Nxe4 Qf4 19. g3 Qh6 20. Kg2 Rfd8 21.
Qb3 b5 22. a4 bxa4 23. Qxa4 Qh5 24. Qc6 Rac8 25. Qxa6 Qd5 26. f3 Nb8 27. Qe2
Nc6 28. Nc3 Qxd4 29. Rfd1 $11 Qf6 30. Ne4 Qe5 31. Rxd8+ Rxd8 32. Rd1 Rxd1 33.
Qxd1 Qxb2+ 34. Nf2 Qd4 35. Qc1 Qd5 36. Qa3 Nd4 {ZAo} 0-1

[Event "SV Hamm 2 - SV Waltrop 1"]
[Site "Verbandsklasse, Gruppe 1 2017"]
[Date "2018.02.25"]
[Round "7.4"]
[White "Boelling, Andreas"]
[Black "Dunsche, Daniel"]
[Result "1/2-1/2"]
[WhiteElo "1729"]
[BlackElo "1872"]
[PlyCount "104"]
[EventDate "2018.??.??"]

1. e4 e6 2. d4 d5 3. exd5 exd5 4. Nf3 Nf6 5. c4 Bb4+ 6. Nc3 O-O 7. c5 Re8+ 8.
Be2 Qe7 9. h3 Nc6 10. a3 Bxc3+ 11. bxc3 b6 12. cxb6 cxb6 13. Bg5 Na5 14. Bxf6
gxf6 15. Ra2 Nc4 16. O-O Nxa3 17. Re1 Qf8 18. Qb3 Nc4 19. Bxc4 Rxe1+ 20. Nxe1
dxc4 21. Qxc4 Qd8 22. Qd3 Bb7 23. Qf5 Qd5 24. Qxd5 Bxd5 25. Ra3 Rc8 26. Nd3 a5
27. Nf4 Bc4 28. Nh5 Rc6 29. Ng3 Bd3 30. f3 Kf8 31. Kf2 Bc2 32. Ke3 a4 33. Ne4
f5 34. Nd2 b5 35. d5 Rc8 36. Kd4 Ke7 37. Ra2 Bd1 38. Ra1 Bc2 39. c4 b4 40. c5
Ra8 41. Nc4 a3 42. c6 b3 43. d6+ Kd8 44. Kc3 Ra6 45. Rxa3 Rxc6 46. Ra8+ Rc8 47.
Rxc8+ Kxc8 48. Ne3 Kd7 49. Nxc2 bxc2 50. Kxc2 Kxd6 51. Kd3 Ke5 52. g3 Kd5
1/2-1/2

[Event "SV Hamm 2 - SV Waltrop 1"]
[Site "Verbandsklasse, Gruppe 1 2017"]
[Date "2018.02.25"]
[Round "7.4"]
[White "Drewes, Martin"]
[Black "Alakbarov, Aleksey"]
[Result "1-0"]
[WhiteElo "1944"]
[BlackElo "1836"]
[PlyCount "51"]
[EventDate "2018.??.??"]

1. e4 e5 2. Nf3 Nc6 3. Bb5 a6 4. Ba4 Nf6 5. O-O b5 6. Bb3 Be7 7. Re1 O-O 8. d4
d6 9. c3 h6 10. h3 Nh7 11. Bd5 Bb7 12. dxe5 Rb8 13. exd6 cxd6 14. Bf4 Nf6 15.
Nbd2 Na7 16. Bxb7 Rxb7 17. Nd4 Qc8 18. Nf5 d5 19. Nxe7+ Rxe7 20. Bd6 Rd7 21.
Bxf8 Kxf8 22. e5 Ne4 23. Nxe4 dxe4 24. Qe2 Qc6 25. Qxe4 Qxe4 26. Rxe4 1-0

[Event "SV Hamm 2 - SV Waltrop 1"]
[Site "Verbandsklasse, Gruppe 1 2017"]
[Date "2018.02.25"]
[Round "7.5"]
[White "Breidenbach, Rolf"]
[Black "Rosentreter, Burkhard"]
[Result "1-0"]
[WhiteElo "1861"]
[BlackElo "1723"]
[PlyCount "93"]
[EventDate "2018.??.??"]

1. d4 d5 2. Bf4 Nf6 3. e3 e6 4. c3 Be7 5. Nf3 O-O 6. Bd3 Nbd7 7. Nbd2 c5 8. Ne5
Qb6 9. Rb1 Bd6 10. g4 Qc7 11. g5 Ne8 12. Ndf3 c4 13. Bc2 f6 14. gxf6 Nexf6 15.
Nxd7 Bxd7 16. Ne5 Be8 17. Qf3 Nh5 18. Qg4 Nxf4 19. exf4 Bxe5 20. fxe5 Qf7 21.
O-O Bd7 22. f4 Rae8 23. Rbe1 Re7 24. Re3 Be8 25. Rh3 g6 26. Rg3 Kh8 27. h4 Qg7
28. Qg5 Rg8 29. Rff3 Rc7 30. Kf2 Qe7 31. Ke3 Qxg5 32. fxg5 Rf7 33. Rf6 Rxf6 34.
exf6 Bf7 35. Kf4 Rd8 36. Bd1 Kg8 37. Bg4 Rd6 38. Rh3 Rb6 39. Rh2 a5 40. Ke5 Kf8
41. Bd1 Ke8 42. Ba4+ Kd8 43. Bd1 Kc7 44. h5 Rd6 45. hxg6 Bxg6 46. Bh5 Bf5 47.
Be8 1-0

[Event "SV Hamm 2 - SV Waltrop 1"]
[Site "Verbandsklasse, Gruppe 1 2017"]
[Date "2018.02.25"]
[Round "7.6"]
[White "Rau, John"]
[Black "Sehrbrock, Christoph"]
[Result "0-1"]
[WhiteElo "1518"]
[BlackElo "1808"]
[PlyCount "42"]
[EventDate "2018.??.??"]

1. d4 Nf6 2. Nf3 c5 3. d5 b5 4. c4 Bb7 5. Nbd2 bxc4 6. e4 e6 7. e5 Nxd5 8. Nxc4
Nc6 9. Ng5 Be7 10. Qh5 g6 11. Qh6 Bf8 12. Nd6+ Bxd6 13. Qg7 Rf8 14. exd6 Nf6
15. Nxh7 Nxh7 16. Qxh7 Qf6 17. Bh6 Qe5+ 18. Be2 Nd4 19. O-O Nxe2+ 20. Kh1 Rh8
21. Bg7 Bxg2+ 0-1

[Event "SV Hamm 2 - SV Waltrop 1"]
[Site "Verbandsklasse, Gruppe 1 2017"]
[Date "2018.02.25"]
[Round "7.7"]
[White "Schwammbach, Frank"]
[Black "Rau, Markus"]
[Result "0-1"]
[WhiteElo "1781"]
[BlackElo "1506"]
[PlyCount "88"]
[EventDate "2018.??.??"]

1. d4 Nf6 2. c4 e5 3. d5 Bc5 4. e3 d6 5. Nc3 Bf5 6. Nf3 O-O 7. Be2 c6 8. O-O
cxd5 9. cxd5 Nbd7 10. Nh4 Be4 11. Nxe4 Nxe4 12. Nf3 Nef6 13. a3 a5 14. Bc4 e4
15. Ne1 Ne5 16. Ba2 Qb6 17. Rb1 Rfc8 18. Bd2 Nfd7 19. Bc3 Qa6 20. Bd4 b5 21. f3
exf3 22. Nxf3 b4 23. Bxc5 Rxc5 24. axb4 axb4 25. Bb3 Nxf3+ 26. Qxf3 Ne5 27. Qf4
Qd3 28. Ra1 Rca5 29. Rxa5 Rxa5 30. Qxb4 Qxe3+ 31. Kh1 Ra8 32. Bc2 Qe2 33. Rc1
Qxc2 34. Re1 Nd3 35. Qb7 Qc8 36. Qxc8+ Rxc8 37. Rb1 Rc1+ 38. Rxc1 Nxc1 39. g3
f5 40. Kg2 Kf7 41. Kf3 Kf6 42. Ke3 Ke5 43. Kd2 Na2 44. Kc2 Nb4+ 0-1

[Event "SV Hamm 2 - SV Waltrop 1"]
[Site "Verbandsklasse, Gruppe 1 2017"]
[Date "2018.02.25"]
[Round "7.8"]
[White "Reuter, Alfred"]
[Black "Neumann, Robert"]
[Result "0-1"]
[WhiteElo "1571"]
[BlackElo "1670"]
[PlyCount "60"]
[EventDate "2018.??.??"]

1. e4 e5 2. f4 d5 3. exd5 exf4 4. Nf3 Be7 5. Bc4 Nf6 6. Nc3 O-O 7. O-O Nbd7 8.
d4 Nb6 9. Bb3 a5 10. a4 Nfxd5 11. Nxd5 Nxd5 12. c4 Ne3 13. Bxe3 fxe3 14. Qd3
Bf6 15. Bc2 g6 16. Rae1 Bf5 17. Qc3 Bxc2 18. Qxc2 Bxd4 19. Nxd4 Qxd4 20. Re2
Ra6 21. g3 Rd8 22. c5 Rc6 23. Qb3 Re6 24. Qxb7 Qxc5 25. Qb3 Rd2 26. Rfe1 Rxe2
27. Rxe2 Qc1+ 28. Kg2 Qc6+ 29. Kh3 g5 30. g4 Qf3# 0-1

[Event "FS Dortmund 1 - SW Oberhausen 1"]
[Site "Verbandsklasse, Gruppe 1 2017"]
[Date "2018.02.25"]
[Round "7.1"]
[White "Pütter, Pascal"]
[Black "Reichmann, Oleg"]
[Result "0-1"]
[WhiteElo "2001"]
[BlackElo "1988"]
[PlyCount "120"]
[EventDate "2018.??.??"]

1. d4 Nf6 2. c4 e6 3. g3 d5 4. Nf3 Be7 5. Bg2 O-O 6. O-O Ne4 7. Qc2 Nd7 8. Nc3
Ndf6 9. Nxe4 dxe4 10. Nd2 Qxd4 11. Nxe4 Nxe4 12. Bxe4 f5 13. Bf3 c6 14. Be3 Qf6
15. Qc3 Qxc3 16. bxc3 Bf6 17. Bd4 e5 18. Bc5 Rf7 19. e4 fxe4 20. Bxe4 Be6 21.
Rfd1 Bxc4 22. Rd2 Bg5 23. Be3 Bxe3 24. fxe3 Raf8 25. Rad1 g6 26. Bg2 {(=)}
26... Be6 27. Rb2 Rc7 28. Rd6 Bc4 29. a4 Kf7 30. Rb4 Ke7 31. Rd2 Be6 32. a5 Bf5
33. Rdb2 Rb8 34. g4 Bd3 35. g5 Bf5 36. Bf1 Rd7 37. Rh4 Kd8 38. Bg2 Kc7 39. Rhb4
Rd1+ 40. Kf2 Ra1 41. Rh4 Rh8 42. Rhb4 Bc8 43. Bh3 Bxh3 44. Rxb7+ Kd6 45. Rxa7
Rf8+ 46. Kg3 Be6 47. Rxh7 Rxa5 48. h4 Ra4 49. Rb4 Ra1 50. Rg7 Rg8 51. Rgb7 Rg1+
52. Kf2 Rc1 53. Rh7 Rc2+ 54. Ke1 Ra8 55. Rb1 Rh2 56. Rd1+ Kc5 57. Re7 Bd5 58.
Rxe5 Rh1+ 59. Kf2 Rxd1 60. e4 Kd6 0-1

[Event "FS Dortmund 1 - SW Oberhausen 1"]
[Site "Verbandsklasse, Gruppe 1 2017"]
[Date "2018.02.25"]
[Round "7.2"]
[White "Khess, Igor"]
[Black "Hortolani, Sven-Holger"]
[Result "1-0"]
[WhiteElo "1973"]
[BlackElo "2048"]
[PlyCount "63"]
[EventDate "2018.??.??"]

1. e4 e6 2. d4 d5 3. e5 c5 4. Qg4 Qa5+ 5. Bd2 Qb6 6. b3 cxd4 7. Nf3 Nc6 8. Bd3
f5 9. Qg3 Nb4 10. O-O Nxd3 11. cxd3 Ne7 12. h4 Nc6 13. h5 Qc7 14. Rc1 Qf7 15.
Qh4 Be7 16. Bg5 Bxg5 17. Qxg5 O-O 18. h6 Qg6 19. hxg7 Qxg7 20. Qxg7+ Kxg7 21.
Nbd2 Bd7 22. b4 Rfc8 23. a3 a5 24. b5 Na7 25. a4 Rc3 26. Nxd4 Rac8 27. N2b3
Rxc1+ 28. Rxc1 Rxc1+ 29. Nxc1 Nc8 30. Ncb3 Nb6 31. Nc5 Kf7 32. Ndb3 1-0

[Event "FS Dortmund 1 - SW Oberhausen 1"]
[Site "Verbandsklasse, Gruppe 1 2017"]
[Date "2018.02.25"]
[Round "7.3"]
[White "Schwerdtfeger, Joachim"]
[Black "Brendemühl, Bernd"]
[Result "1-0"]
[WhiteElo "1858"]
[BlackElo "1896"]
[PlyCount "103"]
[EventDate "2018.??.??"]

1. e4 c5 2. c3 e6 3. d4 cxd4 4. cxd4 d5 5. e5 Nc6 6. Nf3 Qb6 7. Be2 Nge7 8. Nc3
Nf5 9. Na4 Bb4+ 10. Kf1 Qd8 11. h4 Be7 12. g3 Bd7 13. a3 a6 14. Nc3 Qb6 15. g4
Nfxd4 16. Na4 Qa7 17. Be3 b5 18. Nxd4 Qc7 19. Nc3 Nxe5 20. Bf4 Bd6 21. Rc1 Nc4
22. Bxd6 Qxd6 23. Rc2 Rc8 24. Rh3 b4 25. axb4 Qxb4 26. b3 Na3 27. Rc1 a5 28.
Na2 Rxc1 29. Qxc1 Qd6 30. Qc3 O-O 31. Qxa5 e5 32. Nf5 Bxf5 33. gxf5 Nc2 34. Nc3
d4 35. Qd5 Qb8 36. Ne4 Rd8 37. Qc4 Rc8 38. Qb5 Qa8 39. Bd3 Qa1+ 40. Kg2 Ne1+
41. Kh2 Qc1 42. Qxe5 Qd1 43. Be2 Qc2 44. Rg3 g6 45. fxg6 hxg6 46. Bc4 Rxc4 47.
bxc4 Qd1 48. Qf4 Qe2 49. Ng5 Qxc4 50. Qb8+ Kg7 51. Qe5+ f6 52. Qe7+ 1-0

[Event "FS Dortmund 1 - SW Oberhausen 1"]
[Site "Verbandsklasse, Gruppe 1 2017"]
[Date "2018.02.25"]
[Round "7.4"]
[White "Grube, Jörg"]
[Black "Kuckelkorn, Jörg"]
[Result "0-1"]
[WhiteElo "1833"]
[BlackElo "1845"]
[PlyCount "82"]
[EventDate "2018.??.??"]

1. e4 c5 2. Nf3 d6 3. d4 cxd4 4. Nxd4 Nf6 5. Nc3 a6 6. Be3 e6 7. f3 Be7 8. Qd2
O-O 9. O-O-O Nc6 10. g4 Qc7 11. h4 b5 12. h5 b4 13. Nxc6 Qxc6 14. Ne2 Qa4 15.
Kb1 e5 16. g5 Ne8 17. g6 Be6 18. Nc1 Nc7 19. h6 fxg6 20. hxg7 Rf7 21. Bh3 Qd7
22. Nd3 Bxh3 23. Nxe5 dxe5 24. Qxd7 Bxd7 25. Rxd7 Ne6 26. Rd5 Bf6 27. c4 bxc3
28. bxc3 Bxg7 29. Rh3 Nf4 30. Bxf4 Rxf4 31. Kc2 Raf8 32. Rd3 R4f6 33. c4 Rc8
34. Rc3 Bf8 35. Rh1 Bb4 36. Rd3 Rxc4+ 37. Kb3 Rfc6 38. Rd5 Bf8 39. Kb2 Rb4+ 40.
Ka1 Rb5 41. Rd2 h5 0-1

[Event "FS Dortmund 1 - SW Oberhausen 1"]
[Site "Verbandsklasse, Gruppe 1 2017"]
[Date "2018.02.25"]
[Round "7.5"]
[White "Böcker, Jürgen"]
[Black "Lauche, Christoph"]
[Result "1/2-1/2"]
[WhiteElo "1789"]
[BlackElo "1833"]
[PlyCount "66"]
[EventDate "2018.??.??"]

1. e4 c5 2. Nc3 Nc6 3. f4 e6 4. Nf3 g6 5. Bb5 Nge7 6. e5 d5 7. exd6 Nf5 8.
Bxc6+ bxc6 9. O-O Qxd6 10. d3 Bg7 11. Ne4 Qe7 12. Rb1 O-O 13. Ne5 f6 14. Nc4
Ba6 15. b3 Bxc4 16. bxc4 Nd6 17. Qe2 Nxe4 18. Qxe4 Qd7 19. Re1 Rfe8 20. Kf1 e5
21. Qf3 f5 22. fxe5 Bxe5 23. Bf4 Bxf4 24. Qxf4 Rxe1+ 25. Rxe1 Re8 26. Re5 Rxe5
27. Qxe5 Qd4 28. Qe8+ Kg7 29. Qe7+ Kh6 30. Qxa7 Qf4+ 31. Ke2 Qg4+ 32. Kf2 Qf4+
33. Ke2 Qg4+ 1/2-1/2

[Event "FS Dortmund 1 - SW Oberhausen 1"]
[Site "Verbandsklasse, Gruppe 1 2017"]
[Date "2018.02.25"]
[Round "7.6"]
[White "Jost, Udo"]
[Black "Hibbeln, Christian"]
[Result "1/2-1/2"]
[WhiteElo "1812"]
[BlackElo "1734"]
[PlyCount "100"]
[EventDate "2018.??.??"]

1. c4 e6 2. Nf3 Ne7 3. e3 d5 4. b3 c5 5. Bb2 Nbc6 6. a3 a6 7. Qc2 Qb6 8. Be2 d4
9. exd4 Nxd4 10. Nxd4 cxd4 11. c5 Qd8 12. O-O e5 13. f4 Bf5 14. d3 Nd5 15. fxe5
Ne3 16. Qc1 Nxf1 17. Qxf1 g6 18. Nd2 Bxc5 19. Qf4 b5 20. Rf1 O-O 21. Qh6 Be7
22. Nf3 Bg4 23. Bc1 Bxf3 24. Rxf3 f5 25. b4 Rc8 26. h4 Bxh4 27. Rh3 Rf7 28. Bd1
Rg7 29. Bb3+ Kh8 30. Bd2 Be7 31. Qf4 Qb6 32. Qf2 Qd8 33. Bh6 Bg5 34. Bxg7+ Kxg7
35. Qf3 Be3+ 36. Kh2 Qd7 37. e6 Qc7+ 38. g3 Qc1 39. Rh4 g5 40. Rxh7+ Kxh7 41.
Qxf5+ Kh6 42. Qf6+ Kh5 43. Qf3+ g4 44. Qf5+ Bg5 45. Qh7+ Bh6 46. Qf7+ Kg5 47.
Qe7+ Kf5 48. Qh7+ Ke5 49. Qe4+ Kf6 50. Qxd4+ Kg5 {(=)} 1/2-1/2

[Event "FS Dortmund 1 - SW Oberhausen 1"]
[Site "Verbandsklasse, Gruppe 1 2017"]
[Date "2018.02.25"]
[Round "7.7"]
[White "Abramowski, Jörg"]
[Black "Schulz-Runge, Michael"]
[Result "1-0"]
[WhiteElo "1951"]
[BlackElo "1750"]
[PlyCount "87"]
[EventDate "2018.??.??"]

1. e4 e5 2. Nf3 Nf6 3. Nxe5 Nxe4 4. d4 d6 5. Nf3 Be7 6. Bd3 f5 7. O-O O-O 8.
Re1 d5 9. c4 c6 10. Nc3 b6 11. Qb3 Bb7 12. cxd5 cxd5 13. Nxe4 fxe4 14. Bxe4 Kh8
15. Bd3 Nc6 16. Be3 Rc8 17. Rac1 Bd6 18. Bg5 Qd7 19. Qd1 Qg4 20. h3 Qh5 21. Be3
Rce8 22. Ng5 Qxd1 23. Rexd1 h6 24. Nf3 Nb4 25. Bb1 Nc6 26. a3 Na5 27. Bd3 Rc8
28. Nh4 Rf7 29. Rxc8+ Bxc8 30. Rc1 Bb7 31. Ng6+ Kg8 32. g3 Nc6 33. Bb5 Nd8 34.
Kg2 Rc7 35. Rxc7 Bxc7 36. Kf3 a6 37. Bd3 Kf7 38. h4 b5 39. Nf4 Kf6 40. Bc2 Ne6
41. Nxe6 Kxe6 42. Bf4 Bxf4 43. Kxf4 Bc8 44. Bf5+ 1-0

[Event "FS Dortmund 1 - SW Oberhausen 1"]
[Site "Verbandsklasse, Gruppe 1 2017"]
[Date "2018.02.25"]
[Round "7.8"]
[White "Potyrala, Lukasz-Rafal"]
[Black "Kyas, Jens-Stefan"]
[Result "0-1"]
[WhiteElo "1649"]
[BlackElo "1769"]
[PlyCount "36"]
[EventDate "2018.??.??"]

1. d4 f5 2. Nf3 Nf6 3. Bf4 e6 4. e3 d5 5. Be2 Bd6 6. Ne5 O-O 7. Nd2 Nbd7 8.
Ndf3 Ne4 9. a3 Nxe5 10. dxe5 Be7 11. Nd2 g5 12. Nxe4 dxe4 13. Bg3 f4 14. exf4
gxf4 15. Qxd8 Bxd8 16. O-O-O fxg3 17. hxg3 Bg5+ 18. Kb1 Rxf2 0-1